书目信息 |
| 题名: |
深时之旅
|
|
| 作者: | 麦克法伦 著 ;王如菲 译 | |
| 分册: | ||
| 出版信息: | 上海 文汇出版社 2021.12 |
|
| 页数: | 447页 | |
| 开本: | 24cm | |
| 丛书名: | ||
| 单 册: | ||
| 中图分类: | I561.65 | |
| 科图分类: | ||
| 主题词: | 游记--you ji--作品集--英国--现代 | |
| 电子资源: | ||
| ISBN: | 978-7-5496-3433-0 | |
| 000 | 01037nam0 2200253 450 | |
| 001 | 011025154615 | |
| 005 | 20221025154615.0 | |
| 010 | @a978-7-5496-3433-0@b精装@dCNY79.00 | |
| 100 | @a20201004d2021 em y0chiy0120 ea | |
| 101 | 1 | @achi@ceng |
| 102 | @aCN@b310000 | |
| 105 | @ay z 001cy | |
| 106 | @ar | |
| 200 | 1 | @a深时之旅@Ashen shi zhi lv@dUnderland a deep time journey@f(英) 罗伯特·麦克法伦著@g王如菲译@zeng |
| 210 | @a上海@c文汇出版社@d2021.12 | |
| 215 | @a447页@d24cm | |
| 300 | @a罗伯特·麦克法伦作品 | |
| 330 | @a本书讲述的是黑暗之旅,是对地下的求知之行。从中石器时代藏骸所、深海实验室、森林菌根网络,到双生地下城、地下无星河、战时万人冢,再到洞穴岩壁、冰臼、核废料处置库……作者见到了一些希望自己永远铭记之物,也见到了一些宁愿从未目睹之事。 | |
| 510 | 1 | @aUnderland a deep time journey@zeng |
| 606 | 0 | @a游记@Ayou ji@x作品集@y英国@z现代 |
| 690 | @aI561.65@v5 | |
| 701 | 0 | @c(英)@a麦克法伦@Amai ke fa lun@g(Macfarlane, Robert)@4著 |
| 702 | 0 | @a王如菲@Awang ru fei@4译 |
| 905 | @a河南城建学院图书馆@dI561.65@eL936 | |
| 深时之旅=Underland a deep time journey/(英) 罗伯特·麦克法伦著/王如菲译.-上海:文汇出版社,2021.12 |
| 447页;24cm |
| 罗伯特·麦克法伦作品 |
| ISBN 978-7-5496-3433-0(精装):CNY79.00 |
| 本书讲述的是黑暗之旅,是对地下的求知之行。从中石器时代藏骸所、深海实验室、森林菌根网络,到双生地下城、地下无星河、战时万人冢,再到洞穴岩壁、冰臼、核废料处置库……作者见到了一些希望自己永远铭记之物,也见到了一些宁愿从未目睹之事。 |
| ● |
| 相关链接 |
|
|
|
正题名:深时之旅
索取号:I561.65/L936
 
预约/预借
| 序号 | 登录号 | 条形码 | 馆藏地/架位号 | 状态 | 备注 |
| 1 | 1590990 | 215909907 | 文学库116/116文学库 22排3列1层/ [索取号:I561.65/L936] | 在馆 | |
| 2 | 1590991 | 215909916 | 文学库116/116文学库 22排3列1层/ [索取号:I561.65/L936] | 在馆 |